000 00601nam a2200229Ia 4500
003 OSt
005 20220928104717.0
006 a|||||r|||| 00| 0
007 ta
008 220927b |||||||| |||| 00| 0 eng d
024 _a37732
037 _cTextual
040 _aSDCL
_cSDCL
_beng
041 _2eng
_aeng
082 _aV2:51'N47, P2
100 _aRay Baren
_9371530
245 0 _aPartition of India and other related matters
260 _aNew Delhi
_bI M H Press
_c2002
300 _a299p
_ccm.
942 _hV2:51'N47, P2
_cTEXL
_2CC
999 _c727344
_d727344